Trigonometría y Geometría Analítica

محفوظ في:
التفاصيل البيبلوغرافية
المؤلف الرئيسي: Sullivan, Michael (مؤلف)
التنسيق: كتاب
اللغة:الإسبانية
منشور في: Ciudad de México Prentice Hall Hispanoamericana 1997
الطبعة:4a. ed
الموضوعات:
الوسوم: إضافة وسم
لا توجد وسوم, كن أول من يضع وسما على هذه التسجيلة!

MARC

LEADER 00000nam a2200000 a 4500
001 UCH3916
003 CL-VaPUC
008 090818e19970000MX |||||||||||||||||spa|d
020 |a 9688809438 
082 0 4 |a 516.34  |b SUL  |2 21 
100 0 |a Sullivan, Michael  |e author  |9 539396 
245 1 0 |a Trigonometría y Geometría Analítica 
250 |a 4a. ed 
300 |a 523 p 
942 |c BK 
945 |d 20090818 00:00:00  |a ccalabra 
260 |a Ciudad de México  |b Prentice Hall Hispanoamericana  |c 1997 
650 0 |a Matemática  |9 260235 
650 0 |a Álgebra  |9 259567 
650 0 |a Logaritmos  |9 260266 
650 7 |a TRIGONOMETRIA ANALITICA  |2 CL-VaPUC  |9 429341 
583 |a last modification  |c 20090818 00:00:00  |k Rodrigo Vera 
999 |c 335320  |d 335318